Normal view
MARC view
Entry Personal Name
001 - CONTROL NUMBER
- control field: 60102
003 - CONTROL NUMBER IDENTIFIER
- control field: dpl
005 - DATE AND TIME OF LATEST TRANSACTION
- control field: 20231221115247.0
008 - FIXED-LENGTH DATA ELEMENTS
- fixed length control field: 231221|| aca||aabn | a|a d
040 ## - CATALOGING SOURCE
- Original cataloging agency: dpl
- Transcribing agency: dpl
100 ## - HEADING--PERSONAL NAME
- Personal name: Aribam, Radhabinod
670 ## - SOURCE DATA FOUND
- Source citation: Work cat.: (dpl)199750: Aribam, Radhabinod, Public Administration (Paper-II);
